|
|
|
|
| LEADER |
00675nam a2200181 i 4500 |
| 001 |
misc57931 |
| 005 |
20210923143443.0 |
| 008 |
210527suuuu hu o 0|| hun d |
| 040 |
|
|
|a SZTE Miscellanea Repozitórium
|b hun
|
| 041 |
|
|
|a hun
|
| 100 |
1 |
|
|a Kovács Erzsébet
|
| 245 |
1 |
0 |
|a Kémiai laboratóriumi gyakorlatok
|h [elektronikus dokumentum] :
|b térfogatos analízis : főiskolai jegyzet /
|c Kovács Erzsébet
|
| 260 |
|
|
|a Élelmiszeripari Főiskola
|
| 300 |
|
|
|a 74 p.
|c 29 cm
|
| 650 |
|
4 |
|a Természettudományok
|
| 650 |
|
4 |
|a Kémiai tudományok
|
| 695 |
|
|
|a Élelmiszerkémia - gyakorlatok - jegyzet
|
| 856 |
4 |
0 |
|u http://misc.bibl.u-szeged.hu/57931/1/xc_14421.pdf
|z Dokumentum-elérés
|